Hebrew Lesson #7 Quiz Stats

 Plays Quiz not verified by Sporcle

Also try: Hebrew Lesson #6
Challenge
Share
Tweet
Embed
Score 0/25 Timer 07:00
0 Plays Today
% Correct
Normal
92.5%
Japanese
91.8%
Who?
90.6%
Beautiful
88.8%
Each
87.8%
Face
85.9%
There
85.7%
North
81%
Tomorrow
78.9%
Soccer
78.7%
Ocean
78.5%
Lawyer
78.5%
Beach
77.8%
% Correct
Government
76.3%
Angel
76.1%
Miracle
75.2%
Short
74.7%
Gift
73.3%
Floor
71.7%
Clean
71.2%
Towel
68.4%
Butter
67.4%
Game
67.4%
Stair
67%
Angry
64.2%

You're not logged in!

Compare scores with friends on all Sporcle quizzes.
Join for Free
OR
Log In

You Might Also Like...

Show Comments

Extras

Top Quizzes Today


Score Distribution

Your Account Isn't Verified!

In order to create a playlist on Sporcle, you need to verify the email address you used during registration. Go to your Sporcle Settings to finish the process.

Report this User

Report this user for behavior that violates our Community Guidelines.

Details: